000 00969nam a2200265 a 4500
001 000030262
003 DO-SdBNP
005 20250221073755.0
007 ta
008 110505s2010 dr abc r 000 0 spa d
040 _aDO-SdBNP
_bspa
_cBNPHU
082 4 _222
_bP438so
245 1 0 _aPerfiles sociodemográficos provinciales, Región Ozama. /
_cPresentación, Pablo Tactuk
260 _aSanto Domingo :
_bOficina Nacional de Estadística (ONE),
_c2009
300 _a48 p. :
_bil., map., retrs. ;
_c28 cm.
500 _aIncluye bibliografía y notas al pié de páginas.
505 0 _aPresentación
_tDistrito Nacional.--
_tSanto Domingo.
590 _aInventariado 2022 / MF
651 4 _979506
_aRepública Dominicana
_xEstadísticas
_y2010
651 4 _974550
_aRepública Dominicana
_vDesarrollo Social
700 1 _95774
_aTactuk, Pablo
_epres.
710 1 _aRepública Dominicana.
_bOficina Nacional de Estadística
_95775
910 _aMFeliz
942 _2ddc
_cLF2
999 _c29754
_d29754